000
00349nam a2200157Ia 4500
100
_a
Desai/Sandeep/ srivastava/A
650
_a
ERP
942
_c
BK
366
_f
27
245
_a
ERP to E2RP: A case and study approach
260
_b
prentice hall
_c
2013
082
_a
658.5
_b
DES
300
_a
402
546
_a
ENGLISH
_c
Computers
999
_c
35099
_d
35099